000 01464nam a2200301 i 4500
001 bg
003 BPK
005 20210204135009.0
008 s1998 pl f |100 0 pol
020 _a8387424420
040 _cBPK
041 0 _apol
_beng
080 _a628.1+628.3](061)
111 _aSympozjum Szkoleniowo-Naukowe pt.: Znaczenie procesów jednostkowych w technologii oczyszczania wody i ścieków
_d(1998 ;
_cKoszalin / Ustronie Morskie).
245 1 0 _aSzkoła jakości wody :
_bsympozjum szkoleniowo-naukowe pt.: "Znaczenie procesów jednostkowych w technologii oczyszczania wody i ścieków" 27-30 maja 1998 r : zbiór wykładów /
_cred. Anna M. Anielak.
246 3 0 _aSzkoła jakości wody '98
260 _aKoszalin-Ustronie Morskie :
_bWydaw. Uczelniane Politechniki Koszalińskiej,
_c1998.
300 _a174 s. :
_brys., wykr. ;
_c24 cm.
500 _aTyt. grzbiet. "Szkoła jakości wody '98".
521 _aMateriały Konferencyjne Wydziału Budownictwa i Inżynierii Środowiska.
650 4 _aOczyszczalnia ścieków
650 4 _aUzdatnianie wody
655 _aMateriały konferencyjne
700 1 _aAnielak, Anna Maria
_d(1952- )
_eRedakcja
856 _uhttps://kohabib.tu.koszalin.pl/cgi-bin/koha/catalogue/detail.pl?biblionumber=33607
_yKatalog online BPK
856 _uhttp://dlibra.tu.koszalin.pl/dlibra/docmetadata?id=575&from=&dirids=1&ver_id=&lp=1&QI=
_yBiblioteka Cyfrowa
942 _cKS
_2UKD
999 _c33607
_d33607